[Event "SVK-chT2A 9798"]
[Site "Slovakia"]
[Date "1998.??.??"]
[Round "?"]
[White "Makuch, Martin"]
[Black "Baranek, Miroslav"]
[Result "1-0"]
[WhiteElo "1995"]
[BlackElo "1615"]
[PlyCount "48"]
[EventDate "1997.??.??"]
[EventType "team"]
[EventRounds "11"]
[EventCountry "SVK"]
[SourceTitle "EXT 2001"]
[Source "ChessBase"]
[SourceDate "2000.11.22"]
[SourceVersion "1"]
[SourceVersionDate "2000.11.22"]
[SourceQuality "1"]

1. e4 c5 2. Nf3 d6 3. d4 cxd4 4. Nxd4 Nf6 5. Nc3 g6 6. f3 Bg7 7. Be3 a6 8. Qd2 0-0 9. 0-0-0 Bd7 10. g4 Nc6 11. Be2 b5 12. Nxc6 Bxc6 13. Bh6 Bxh6 14. Qxh6 b4 15. Nd5 Bxd5 16. exd5 Qa5 17. Bc4 Rac8 18. Bb3 Rc5 19. Qd2 Rfc8 20. Kb1 Qc7 21. Qxb4 Rxc2 22. Bxc2 Qxc2+ 23. Ka1 Nxd5 24. Qd2 Qc3 1-0